<?xml version="1.0" encoding="UTF-8"?>
<record
    xmlns:xsi="http://www.w3.org/2001/XMLSchema-instance"
    xsi:schemaLocation="http://www.loc.gov/MARC21/slim http://www.loc.gov/standards/marcxml/schema/MARC21slim.xsd"
    xmlns="http://www.loc.gov/MARC21/slim">

  <leader>01796nam a2200325 i 4500</leader>
  <datafield tag="999" ind1=" " ind2=" ">
    <subfield code="c">30423</subfield>
    <subfield code="d">30423</subfield>
  </datafield>
  <controlfield tag="003">CUTN</controlfield>
  <controlfield tag="005">20190829103555.0</controlfield>
  <controlfield tag="008">170112s2017    enka          001 0 eng d</controlfield>
  <datafield tag="020" ind1=" " ind2=" ">
    <subfield code="a">9781292151106</subfield>
  </datafield>
  <datafield tag="020" ind1=" " ind2=" ">
    <subfield code="a">1292151102</subfield>
  </datafield>
  <datafield tag="041" ind1=" " ind2=" ">
    <subfield code="a">English</subfield>
  </datafield>
  <datafield tag="082" ind1=" " ind2=" ">
    <subfield code="a">547</subfield>
    <subfield code="b">WAD</subfield>
  </datafield>
  <datafield tag="100" ind1="1" ind2=" ">
    <subfield code="a">Wade, Leroy G.,</subfield>
  </datafield>
  <datafield tag="245" ind1="1" ind2="0">
    <subfield code="a">Organic chemistry /</subfield>
    <subfield code="c">Leroy G. Wade, Jr. ; contributing author, Jan William Simek</subfield>
  </datafield>
  <datafield tag="250" ind1=" " ind2=" ">
    <subfield code="a">9th ed. /</subfield>
  </datafield>
  <datafield tag="260" ind1=" " ind2=" ">
    <subfield code="b">Pearson Education Limited, </subfield>
    <subfield code="c">2016.</subfield>
  </datafield>
  <datafield tag="300" ind1=" " ind2=" ">
    <subfield code="a">1394 pages :</subfield>
    <subfield code="b">illustrations ;</subfield>
    <subfield code="c">28 cm</subfield>
  </datafield>
  <datafield tag="500" ind1=" " ind2=" ">
    <subfield code="a">Includes index.</subfield>
  </datafield>
  <datafield tag="505" ind1=" " ind2=" ">
    <subfield code="t">1. Structure and Bonding</subfield>
    <subfield code="t">2. Acids and Bases: Functional Groups</subfield>
    <subfield code="t">3. Structure and Stereochemistry of Alkanes</subfield>
    <subfield code="t">4. The Study of Chemical Reactions</subfield>
    <subfield code="t">5. Stereochemistry</subfield>
    <subfield code="t">6. Alkyl Halides. Nucleophilic Substitution</subfield>
    <subfield code="t">7. Structure and Synthesis of Alkenes; Elimination</subfield>
    <subfield code="t">8: Reactions of Alkenes</subfield>
    <subfield code="t">9. Alkynes</subfield>
    <subfield code="t">10. Structure and Synthesis of Alcohols</subfield>
    <subfield code="t">11. Reactions of Alcohols</subfield>
    <subfield code="t">12. Infrared Spectroscopy and Mass Spectrometry</subfield>
    <subfield code="t">13. Nuclear Magnetic Resonance Spectroscopy</subfield>
    <subfield code="t">14. Ethers, Epoxides and Thioethers
15. Conjugated Systems, Orbital Symmetry, and Ultraviolet Spectroscopy
16. Aromatic Compounds
17. Reactions of Aromatic Compounds
18. Ketones and Aldehydes
19. Amines
20. Carboxylic Acids
21. Carboxylic Acid Derivatives
22. Condensations and Alpha Substitutions of Carbonyl Compounds
23. Carbohydrates and Nucleic Acids
24. Amino Acids, Peptides, and Proteins
25. Lipids
26. Polymers</subfield>
  </datafield>
  <datafield tag="650" ind1=" " ind2="0">
    <subfield code="a">Chemistry, Organic</subfield>
  </datafield>
  <datafield tag="650" ind1=" " ind2="0">
    <subfield code="a">Chemistry, Organic</subfield>
  </datafield>
  <datafield tag="700" ind1="1" ind2=" ">
    <subfield code="a">Simek, Jan William,</subfield>
  </datafield>
  <datafield tag="942" ind1=" " ind2=" ">
    <subfield code="2">ddc</subfield>
    <subfield code="c">BOOKS</subfield>
  </datafield>
  <datafield tag="100" ind1="1" ind2=" ">
    <subfield code="c">Jr.,</subfield>
    <subfield code="d">1947-</subfield>
    <subfield code="e">author.</subfield>
  </datafield>
  <datafield tag="250" ind1=" " ind2=" ">
    <subfield code="b">Global edition.</subfield>
  </datafield>
  <datafield tag="650" ind1=" " ind2="0">
    <subfield code="v">Textbooks.</subfield>
  </datafield>
  <datafield tag="650" ind1=" " ind2="0">
    <subfield code="v">Problems, exercises, etc.</subfield>
  </datafield>
  <datafield tag="700" ind1="1" ind2=" ">
    <subfield code="e">author.</subfield>
  </datafield>
  <datafield tag="952" ind1=" " ind2=" ">
    <subfield code="0">0</subfield>
    <subfield code="1">0</subfield>
    <subfield code="2">ddc</subfield>
    <subfield code="4">0</subfield>
    <subfield code="7">0</subfield>
    <subfield code="8">NFIC</subfield>
    <subfield code="a">CUTN</subfield>
    <subfield code="b">CUTN</subfield>
    <subfield code="c">500</subfield>
    <subfield code="d">2019-08-29</subfield>
    <subfield code="l">10</subfield>
    <subfield code="m">3</subfield>
    <subfield code="o">547 WAD</subfield>
    <subfield code="p">36897</subfield>
    <subfield code="r">2024-12-10 13:04:44</subfield>
    <subfield code="s">2024-12-09</subfield>
    <subfield code="w">2019-08-29</subfield>
    <subfield code="y">BOOKS</subfield>
  </datafield>
</record>
